=LDR 00000nam 2200000 4500 =001 INLIS000000000007100 =005 20251120114459 =035 ##$$a 0010-1125000974 =007 ta =008 251120###########################0#ind## =082 ##$$a 340 =084 ##$$a 340 SOE p =100 #$$a Soehardjo =245 1#$$a Peranan Hukum Dalam Menunjang Program Kependudukan /$c Badan Koordinasi Keluarga Berencana Nasional =260 ##$$a Surakarta :$b Badan Koordinasi Keluarga Berencana Nasional,$c 1991 =300 ##$$a 9 Hal : $b Ilus ; $c 21 =650 #4$$a Keluarga Berencana =856 ##$$a Perpustakaan Kemendukbangga